| 000 | 02266nas a2200277Ia 4500 | ||
|---|---|---|---|
| 001 | L226-27192 | ||
| 003 | IT-CnALBA | ||
| 008 | 170116c99999999xx |||||||||||| ||und|| | ||
| 040 |
_aIT-CnALBA _cIT-CnALBA |
||
| 041 | _aITALIANO | ||
| 100 | _aPECQUET GILLES | ||
| 210 | _aJESUS | ||
| 222 | _aJESUS | ||
| 245 | 0 | _aJESUS. IN QUEL TEMPO. NEL NOSTRO TEMPO. VANGELO. | |
| 250 | _a1a ed. | ||
| 260 |
_aCINISELLO BALSAMO (MI) _bEDIZIONI PAOLINE _c1974 |
||
| 300 | _a768 p. | ||
| 310 | _aBIMENSILE | ||
| 362 | _a (1974) | ||
| 500 | _aSUPPLEMENTO A FAMIGLIA MESE. GERUSALEMME E ROMA. PIANTO DI GESÙ. OPPRESSIONE DEGLI EBREI. IL TEMPIO. DISTRUZIONE PER OPERA DEI ROMANI. IL PAESE DI GESÙ. OCCUPAZIONE ROMANA. EBREI DI ALESSANDRIA. EBREO ERRANTE. QUESITI SUI VANGELI. VOLTI DI GESÙ NEI SECOLI. CARTE DELLA PALESTINA. HERVIEUX J. LAMY S.C. ROBLOT A. VALLERY RADOT F. 24 FASCICOLI. INDICE ANALITICO. IL CARMELO MONTE DI ELIA E DI MARIA. GESÙ INCARNAZIONE DEL VERBO. GESÙ E GIOVANNI. DISTACCO DA NAZARET. PARALITICO DI CAFARNAO. CHIAMATA DEI PRIMI APOSTOLI. SATANA L'AVVERSARIO. IN PALESTINA. SFIDA ALLA VIOLENZA. PARABOLE. SULLA STRADA DI GERICO. UMILTÀ E ONORE. TRASFIGURAZIONE. TRIBUTO AL TEMPIO. BETANIA. GIUDIZIO. IL TRADIMENTO. CROCIFISSIONE. RISURREZIONE. APPARIZIONI AI DISCEPOLI. | ||
| 501 | _aSocietà San Paolo EM - Piazza San Paolo, 14 - 12051 ALBA (CN) (non commercial uses only) ® Copyright 2017 | ||
| 520 | _aSUPPLEMENTO A FAMIGLIA MESE. GERUSALEMME E ROMA. PIANTO DI GESÙ. OPPRESSIONE DEGLI EBREI. IL TEMPIO. DISTRUZIONE PER OPERA DEI ROMANI. IL PAESE DI GESÙ. OCCUPAZIONE ROMANA. EBREI DI ALESSANDRIA. EBREO ERRANTE. QUESITI SUI VANGELI. VOLTI DI GESÙ NEI SECOLI. CARTE DELLA PALESTINA. HERVIEUX J. LAMY S.C. ROBLOT A. VALLERY RADOT F. 24 FASCICOLI. INDICE ANALITICO. IL CARMELO MONTE DI ELIA E DI MARIA. GESÙ INCARNAZIONE DEL VERBO. GESÙ E GIOVANNI. DISTACCO DA NAZARET. PARALITICO DI CAFARNAO. CHIAMATA DEI PRIMI APOSTOLI. SATANA L'AVVERSARIO. IN PALESTINA. SFIDA ALLA VIOLENZA. PARABOLE. SULLA STRADA DI GERICO. UMILTÀ E ONORE. TRASFIGURAZIONE. TRIBUTO AL TEMPIO. BETANIA. GIUDIZIO. IL TRADIMENTO. CROCIFISSIONE. RISURREZIONE. APPARIZIONI AI DISCEPOLI. | ||
| 650 | _aSCIENZE UMANE E RELIGIOSE | ||
| 942 | _cCR | ||
| 957 | _71 | ||
| 999 |
_a31980 _bSI _g1 _c322818 _d322818 |
||